[Event "FRA-chT3 Gr14 0607"]
[Site "France"]
[Date "2007.01.21"]
[Round "5.4"]
[White "Kopp, Michel"]
[Black "Trapp, Thibaut"]
[Result "0-1"]
[WhiteElo "2072"]
[BlackElo "2046"]
[PlyCount "88"]
[EventDate "2006.10.15"]
[EventType "team-tourn"]
[EventRounds "9"]
[EventCountry "FRA"]
[SourceTitle "EXT 2008"]
[Source "ChessBase"]
[SourceDate "2007.11.25"]
[SourceVersion "1"]
[SourceVersionDate "2007.11.25"]
[SourceQuality "1"]

1. e4 e6 2. d4 d5 3. Nd2 Nf6 4. e5 Nfd7 5. Bd3 c5 6. c3 Nc6 7. Ne2 cxd4 8. cxd4 f6 9. exf6 Nxf6 10. Nf3 Bd6 11. 0-0 Qc7 12. g3 0-0 13. Bf4 Bd7 14. Rc1 Nh5 15. Bxd6 Qxd6 16. Nc3 g6 17. a3 Qe7 18. Kg2 Qf6 19. Be2 a6 20. Qd2 Ng7 21. Rcd1 Nf5 22. Qf4 Qg7 23. Qd2 Qf6 24. b4 b5 25. Na2 Nd6 26. Qg5 Qxg5 27. Nxg5 h6 28. Nf3 a5 29. bxa5 Rxa5 30. Nc3 Rxa3 31. Nb1 Ra2 32. Rd2 Rxd2 33. Nbxd2 Rb8 34. Nb3 b4 35. Rc1 Rb6 36. Nc5 Be8 37. Nxe6 b3 38. Nc5 Ne4 39. Nxe4 dxe4 40. Bc4+ Kg7 41. Nd2 Nxd4 42. Rb1 b2 43. Bf1 Bf7 44. Bc4 Nf3 0-1

[Event "FRA-ch U16"]
[Site "Aix les Bains"]
[Date "2006.??.??"]
[Round "3"]
[White "Trapp, Thibaut"]
[Black "Cohen Solal, Lennie"]
[Result "1-0"]
[WhiteElo "2048"]
[BlackElo "1732"]
[PlyCount "43"]
[EventDate "2006.04.16"]
[EventType "swiss"]
[EventRounds "9"]
[EventCountry "FRA"]
[SourceTitle "EXT 2007"]
[Source "ChessBase"]
[SourceDate "2006.11.23"]
[SourceVersion "1"]
[SourceVersionDate "2006.11.23"]
[SourceQuality "1"]

1. e4 a6 2. d4 b5 3. Be3 Bb7 4. Nd2 d6 5. Bd3 Nd7 6. Ne2 g6 7. 0-0 Bg7 8. f4 c5 9. c3 Ngf6 10. Ng3 0-0 11. f5 Ne8 12. Nf3 Rc8 13. Qd2 Qa5 14. Bh6 cxd4 15. Bxg7 Kxg7 16. Nxd4 Ne5 17. fxg6 Nxg6 18. Ngf5+ Kh8 19. Qh6 Rg8 20. Nxe7 Nxe7 21. Rxf7 Rg7 22. Rxe7 1-0

[Event "France-ch U14"]
[Site "Reims"]
[Date "2004.04.20"]
[Round "4"]
[White "Demuth, Adrien"]
[Black "Trapp, Thibaut"]
[Result "1/2-1/2"]
[WhiteElo "1995"]
[BlackElo "2106"]
[PlyCount "78"]
[EventDate "2004.04.??"]
[EventType "swiss"]
[EventRounds "9"]
[EventCountry "FRA"]
[SourceTitle "EXT 2005"]
[Source "ChessBase"]
[SourceDate "2004.11.15"]
[SourceVersion "1"]
[SourceVersionDate "2004.11.15"]
[SourceQuality "1"]

1. d4 Nf6 2. c4 e6 3. Nc3 Bb4 4. Qc2 c5 5. dxc5 0-0 6. Nf3 Na6 7. e3 Nxc5 8. Bd2 b6 9. Be2 Bb7 10. 0-0 Bxc3 11. Bxc3 Be4 12. Qd2 d5 13. cxd5 Nxd5 14. Rfd1 Qe7 15. Bd4 Rac8 16. Ne5 f6 17. Nd3 Nxd3 18. Bxd3 Bxd3 19. Qxd3 Rc7 20. Rac1 Rfc8 21. Rxc7 Qxc7 22. g3 Qc4 23. Qxc4 Rxc4 24. Rd2 Kf7 25. e4 Nb4 26. b3 Rc2 27. Rxc2 Nxc2 28. Bc3 Na3 29. Kf1 Nb5 30. Bb2 Ke7 31. Ke2 Kd6 32. Kd3 Nc7 33. e5+ Ke7 34. exf6+ gxf6 35. f4 Nd5 36. a3 Kd6 37. Ke4 a5 38. g4 b5 39. h4 Ke7 1/2-1/2